00795cam a2200217 a 4500001001300000003000400013005001700017008004100034010001700075040003200092050002500124100004700149245004200196260004400238300005700282500011600339500003300455561000800488710006400496999001700560w 34000002 DLC20260227112808.0120510s1934 pauaf 000 0 eng c aw 34000002  aD.C. Public Libr.cDLCdDLC00aPR6023.U24bS35 19341 aLucas, E. V.q(Edward Verrall),d1868-193810aSaunterer's rewards /cby E.V. Lucas. aPhiladelphia :bJ.B. Lippincott,c1934. aviii, 211 p., [1] leaf of plates :b1 ill. ;c17 cm. a"The essays and stories in this volume are reprinted, with additions, from Punch and the Sunday Times"--P. 211. aLC copy in dust jacket.5DLC 5DLC2 aOliver Wendell Holmes Collection (Library of Congress)5DLC c92082d92082